| 000 | 00557nam a2200217Ia 4500 | ||
|---|---|---|---|
| 003 | OSt | ||
| 005 | 20230424105547.0 | ||
| 008 | 210423s1998 xx 000 0 und d | ||
| 020 | _a71183744 | ||
| 040 | _cAL | ||
| 041 | _aeng | ||
| 082 | _a576 KUMH | ||
| 100 |
_aKUMAR (H D);KUMAR (Swati). _991919 |
||
| 245 | _aModern concepts of microbiology. | ||
| 260 |
_aNew Delhi _bW H Freeman & Co. _c1998 |
||
| 300 |
_axii,683 _bPB |
||
| 365 |
_b295 _cINR |
||
| 650 |
_aMicrobiology _991920 |
||
| 906 | _aconcepts ; microbiology. ; Modern | ||
| 942 |
_2ddc _cBK |
||
| 999 |
_c162537 _d162537 |
||